Statistics for Name a Valid Country #7

Click here to take the quiz!

General Stats

  • This quiz has been taken 264 times
    (260 since last reset)
  • The average score is 12 of 20

Answer Stats

Name a country.... Answer % Correct
with only red and white on their flagAustria | Bahrain | Canada | Denmark | Georgia | Indonesia |
Japan | Latvia | Monaco | Peru | Poland | Qatar |
Singapore | Switzerland | Tonga | Tunisia | Turkey
100%
bordering NepalChina | India
98%
with at least 100 Nobel prizesGermany | United Kingdom | United States
86%
that has over 100 million peoiple living on islandsIndonesia | Japan | Philippines
81%
with at least 130 volcanosIceland | Indonesia | Russia | United States
79%
with an average elevation over 10,000 feetBhutan | Nepal | Tajikistan
75%
that gained independence from the United StatesCuba | Marshall Islands | Micronesia | Palau | Philippines
69%
that produces 20 million tons of potatoes annuallyChina | India | Russia | Ukraine
65%
that was a signatory of the Tripartite PactGermany | Italy | Japan
55%
with an area >1 million mi2 and no desertD. R. Congo | Indonesia
53%
larger than Switzerland and without an armyCosta Rica | Iceland | Panama
53%
that has been in a civil war continuously since 1990Afghanistan | Colombia | Indonesia | Myanmar |
Philippines | Turkey | Somalia
53%
larger than Egypt, but smaller than MongoliaAngola | Bolivia | Chad | Colombia | Ethiopia |
Mali | Mauritania | Niger | Peru | South Africa
52%
that average over 2.5 meters of rain per yearBangladesh | Brunei | Colombia | Costa Rica | Fiji |
Indonesia | Malaysia | Panama | Papua New Guinea |
Sao Tome and Principe | Sierra Leone | Solomon Islands
50%
whose flag is at least 80% blueKazakhstan | Kosovo | Micronesia | Nauru |
New Zealand | Palau | Somalia | St. Lucia
49%
in Africa with an HDI of at least .750Algeria | Mauritius | Seychelles
49%
with part of the Aral SeaKazakhstan | Uzbekistan
43%
that gained independence in 1960Benin | Burkina Faso | Cameroon | Central African Republic |
Chad | Cyprus | D. R. Congo | Gabon | Ivory Coast |
Madagascar | Mali | Mauritania | Niger | Nigeria |
Rep. of the Congo | Senegal | Somalia | Togo
29%
that the Sava River flows throughAustria | Bosnia and Herzegovina | Croatia | Serbia | Slovenia
21%
that borders the Nakchivan ExclaveArmenia | Iran | Turkey
19%

Score Distribution

Percentile by Number Answered

Percent of People with Each Score

Your Score History

You have not taken this quiz since the last reset